|
|
|
|
| LEADER |
01240caa a22002534a 4500 |
| 003 |
AR-BeUNQ |
| 005 |
20240822123837.0 |
| 007 |
cr bn |||auuau |
| 008 |
230609s1988 sp 000 0 spa d |
| 999 |
|
|
|c 37311
|d 121111
|
| 040 |
|
|
|a AR-BeUNQ
|b spa
|c AR-BeUNQ
|e aacr
|
| 100 |
1 |
|
|9 4719
|a Fossier, Robert,
|d 1927-2012
|
| 245 |
1 |
0 |
|a Desde Europa hacia el mundo
|h [recurso electrónico] /
|c Robert Fossier.
|
| 256 |
|
|
|a Datos electrónicos (1 archivo doc)
|
| 300 |
|
|
|a recurso electrónico
|
| 500 |
|
|
|a Material digital editado con un formato accesible para uso exclusivo de personas con discapacidad.
|
| 538 |
|
|
|a Requerimientos del material: Procesador de textos y un lector de pantalla.
|
| 594 |
|
|
|a Sarachu, Pablo
|b LICENCIATURA EN HISTORIA
|c HISTORIA ANTIGUA Y MEDIEVAL
|d 2023
|
| 594 |
|
|
|a Sarachu, Pablo
|b DIPLOMATURA EN CIENCIAS SOCIALES
|c HISTORIA ANTIGUA Y MEDIEVAL
|d 2023
|
| 650 |
|
7 |
|a Historia medieval
|2 spines
|
| 651 |
|
7 |
|a Europa
|2 spines
|
| 773 |
|
|
|a Fossier, Robert
|t La Edad Media. 3, El tiempo de la crisis: 1250-1550
|d Barcelona : Crítica, 1988
|g Cap. 9, p. 393-426
|
| 856 |
|
|
|z Para solicitar el texto accesible haga click aquí (sólo para personas con discapacidad)
|u https://biblio.unq.edu.ar/consulte/index.php?a=add
|
| 942 |
|
|
|c TA
|